000 00464nam a2200193Ia 4500
003 OSt
005 20250909163211.0
008 220923b |||||||| |||| 00| 0 urd d
037 _cTextual
040 _aARTS
_cARTS
_burd
041 _2urd
_aurd
084 _bAL
245 0 _aAlamat nigari
260 _c2005
300 _a328p.
365 _b175.00
_cINR
942 _cTEXL
_2CC
_hO168, P5
_n0
999 _c474330
_d474330